Sociology for GNM Nursing Students/ (Record no. 1585)
[ view plain ]
| 000 -LEADER | |
|---|---|
| Fixed length control field | 00441nam a2200181Ia 4500 |
| 003 - CONTROL NUMBER IDENTIFIER | |
| Control field | IIN |
| 005 - DATE AND TIME OF LATEST TRANSACTION | |
| Control field | 20250507144216.0 |
| 008 - FIXED-LENGTH DATA ELEMENTS--GENERAL INFORMATION | |
| Fixed length control field | 231217s9999 xx 000 0 und d |
| 020 ## - INTERNATIONAL STANDARD BOOK NUMBER / ISBN | |
| Price | Rs.395.00 |
| International Standard Book Number | 9789386827265 |
| 040 ## - CATALOGING SOURCE | |
| Original cataloging agency | IIN |
| Language of cataloging | English |
| 082 ## - DEWEY DECIMAL CLASSIFICATION NUMBER | |
| Classification number | 610.73 |
| Book Number | JYO |
| 100 1# - MAIN ENTRY--PERSONAL NAME | |
| Personal name | Jyoti |
| 245 1# - TITLE STATEMENT | |
| Title | Sociology for GNM Nursing Students/ |
| Statement of responsibility | Jyoti |
| 260 ## - IMPRINT | |
| Name of publisher | CBS |
| Place of publication | New Delhi |
| Date of publication | 2018 |
| 300 ## - PHYSICAL DESCRIPTION | |
| Page / Vol. No | 154p. |
| 650 1# - SUBJECT ADDED ENTRY--TOPICAL TERM | |
| Topical term | Sociology |
| 942 ## - ADDED ENTRY ELEMENTS (KOHA) | |
| Koha item type | Books |
| Withdrawn status | Lost status | Damaged status | Not for loan | Collection code | Home library | Current library | Date acquired | Price | Total Checkouts | Call number | Accession number | Date last seen | Price effective from | Koha item type |
|---|---|---|---|---|---|---|---|---|---|---|---|---|---|---|
| IDEAL INSTITUTE OF NURSING | IDEAL INSTITUTE OF NURSING | 17/12/2023 | 395.00 | 610.73 JOY | 1579 | 17/12/2023 | 17/12/2023 | Books | ||||||
| IDEAL INSTITUTE OF NURSING | IDEAL INSTITUTE OF NURSING | 17/12/2023 | 395.00 | 610.73 JOY | 1580 | 17/12/2023 | 17/12/2023 | Books | ||||||
| IDEAL INSTITUTE OF NURSING | IDEAL INSTITUTE OF NURSING | 17/12/2023 | 395.00 | 610.73 JOY | 1581 | 17/12/2023 | 17/12/2023 | Books |
